清宮十三朝

資料類型: Book 圖書   書目號:41991

Leader xxxxxxxxxx
001 __ PCLIS00041991
005 __ 20211228123914.0
010 0_ |b精裝|dHK$100
100 __ |a20090312d1998    mk y0chiy09      e
101 0_ |achi
102 __ |ahk
105 __ |ay   z   000ay
200 1_ |a清宮十三朝|f許嘯天著
205 __ |a再版
215 1_ |a古典文學名著|v7
210 __ |a[香港]|c世一文化,雁南圖書出版|c信譽圖書總經銷|d2002[民91]
215 0_ |a949面|d22公分
300 __ |a珍藏版
676 __ |a857.438|b8467 87
681 __ |a857.457|b8467
700 _1 |a|b嘯天|f1886-1946|4801 _0 |atw|b內湖高中|c20100329
801 _2 |atw|b內湖高中|c20211228|gCCR
詳細館藏(共 1 筆)
索 書 號登 錄 號冊次號館別 / 館藏地流通類型狀態加入預約清單電子資源
857.457 / 8467 2017845  圖書館 / 一樓普通區 可外借30天 在館   

| 條列資料




目錄查詢 分類查詢 個人資料 圖書薦購 新書查詢 閉館日 排行榜 更多電子資源 Hami書城 線上資料庫 登出

From : 216.73.217.52

  本日流通累計至 20:35:42 借閱 : 0 次 續借 : 0 次 歸還 : 0 次 預約 : 0 次 電子資源 : 0 次


內湖高中圖書館  PCLIS 版本  26.5.0.12